The Jungle Book/ (Record no. 207691)

MARC details
000 -LEADER
fixed length control field 00556nam a22001937a 4500
005 - DATE AND TIME OF LATEST TRANSACTION
control field 20241213144937.0
010 ## - LCCN (DPL NO)
LC control number B-761453
020 ## - INTERNATIONAL STANDARD BOOK NUMBER
International Standard Book Number 9788119160242
Terms of availability 195.00
035 ## - SYSTEM CONTROL NUMBER
System control number B-761453
037 ## - SOURCE OF ACQUISITION
Source of stock number/acquisition Gift
082 ## - DEWEY DECIMAL CLASSIFICATION NUMBER
Classification number S
100 ## - MAIN ENTRY--PERSONAL NAME
Personal name Kipling, Rudyard
245 ## - TITLE STATEMENT
Title The Jungle Book/
Statement of responsibility, etc Rudyard Kipling
260 ## - PUBLICATION, DISTRIBUTION, ETC. (IMPRINT)
Place of publication, distribution, etc New Delhi
Date of publication, distribution, etc 202?
Name of publisher, distributor, etc Ane Books
270 ## - ADDRESS
Address 4821, Parwana Bhawan, 24, Ansari Road
City New Delhi
Postal code 110002
300 ## - PHYSICAL DESCRIPTION
Extent 26p.
Other physical details col.ill
Dimensions 22cm(Hb)
942 ## - ADDED ENTRY ELEMENTS (KOHA)
Source of classification or shelving scheme Dewey Decimal Classification
Item type Children Books
Call number suffix KIP
Classification part S
Holdings
Withdrawn status Lost status Not for loan Collection code Home library Current library Date acquired Source of acquisition Cost, normal purchase price Full call number Barcode Copy number Cost, replacement price Koha item type Public note
      Fiction Central Library Central Library 13/12/2024 Gift/9.12.24 195.00 KIP S B-761453 1 195.00 Children Books Gift

© Delhi Public Library
Hit Counter
free hit counter